000 00730nam a2200217 a 4500
001 71150
003 BD-RjUL
005 20211209082101.0
008 170427s1967 bg ||||| |||| 00| 0 ben d
035 _a(BD-RjUL)71365
040 _aBD-RjUL
_bben
_cBD-RjUL
041 _aben
082 _223
_a891.443
_bRAK 1967
100 _aরব, মুহম্মদ আবদুর
_9151477
245 1 0 _aকৃষ্ণ কনক /
_cমুহম্মদ আবদুর রব
260 _aঢাকা :
_bআবদুস সোবহান,
_c১৯৬৭
300 _a১৫৮ পৃ. ;
_c১৫ সেমি.
650 _aবাংলা উপন্যাস
_9210503
650 _aBengali fiction
_9210504
942 _2ddc
_cBK
999 _c71150
_d71150